00686nam a2200181 a 450000100100000000500170001000800410002704000250006808200150009310000250010824500620013326000440019530000210023949000170026083000240027795201860030199900170048700003584020200930074644.0111115s1970 fr 000 0 fre d aDO-SdBNPbspacBNPHU axxxbF781s1 aFourquin, Guy96181310aSeigneurie et féodalité au moyen age /cGuy Fourquin. aParis :bPresses Universiatires,c1970. a242 p. ;c18 cm.1 aL´Historien 0aL´Historien961814 001050718RVaGRbGRcCTd2011-11-15iLF1l0oxxx F781sp35840-10r2020-06-25w2020-06-25y1zPerteneció a la biblioteca personal de Juan Isidro Jimenes- GrullónZNo se presta c35331d35331